Visualizzazione normale
Vista MARC
- Tramonti Tommaso
di Personal Name
Records bibliografici associati: 1
001 - CONTROL NUMBER
- control field: 22806
003 - CONTROL NUMBER IDENTIFIER
- control field: IT-RoPau
005 - DATE AND TIME OF LATEST TRANSACTION
- control field: 20140429104347.0
008 - FIXED-LENGTH DATA ELEMENTS
- fixed length control field: 140429|| aca||aabn | a|a d
040 ## - CATALOGING SOURCE
- Original cataloging agency: IT-RoPau
- Transcribing agency: IT-RoPau
100 ## - HEADING--PERSONAL NAME
- Personal name: Tramonti Tommaso
- Relator term: Autore testo
- Miscellaneous information: Codice autore testo SPICS: 20797
670 ## - SOURCE DATA FOUND
- Source citation: Work cat.: (IT-RoPau)102989: Battiato Franco 22802, Genesi opera in tre atti di Franco Battiato (2Lp Lmad 3031)